|
|
|
|
| LEADER |
00883ncm a22002412a 4500 |
| 001 |
001263185 |
| 003 |
CZ BrMZK |
| 005 |
20150602083155.0 |
| 007 |
qu |
| 008 |
000105s1949 xr f zxx d |
| 040 |
|
|
|a BOA001
|b cze
|
| 072 |
|
7 |
|a 787
|x Hudba pro strunné a smyčcové nástroje
|2 Konspekt
|9 9
|
| 100 |
1 |
|
|a Martinů, Bohuslav,
|d 1890-1959
|7 jk01080381
|4 cmp
|
| 245 |
1 |
0 |
|a Concerto
|h [hudebnina]
|b pro housle a orchestr : partitura /
|c Bohuslav Marinů
|
| 246 |
3 |
1 |
|a Concerto pour violon et orchestre
|
| 250 |
|
|
|a 1. vyd.
|
| 260 |
|
|
|a Praha :
|b Melantrich,
|c 1949
|
| 300 |
|
|
|a 1 partitura (123 s.)
|
| 910 |
|
|
|a BOA001
|b Mus4-0237.739
|
| 990 |
|
|
|a MU
|
| 991 |
|
|
|b 201211
|
| 996 |
7 |
|
|b 2619493010
|c Mus4-0237.739
|l MZK
|r Sklad / do 1 hodiny
|n 0
|w 001297107
|u 000010
|a 1
|e BOA001
|j MZK50
|s A
|
| 996 |
6 |
|
|b 2619493011
|c Mus4-0237.739
|l MZK
|r Sklad / do 1 hodiny
|n 0
|w 001297107
|u 000020
|a 1
|e BOA001
|j MZK50
|s P
|